Los Medicos y la medicina en la guerra civil española / (Record no. 6417)

MARC details
000 -LEADER
campo de control de longitud fija 00900nam a2200265 i 4500
001 - NÚMERO DE CONTROL
campo de control 6417
003 - IDENTIFICADOR DE NÚMERO DE CONTROL
campo de control ES-MaACL
005 - FECHA Y HORA DE LA ÚLTIMA TRANSACCIÓN
campo de control 20230906144926.0
007 - CAMPO FIJO DE DESCRIPCIÓN FÍSICA--INFORMACIÓN GENERAL
campo de control de longitud fija t|
008 - DATOS DE LONGITUD FIJA--INFORMACIÓN GENERAL
campo de control de longitud fija 891120s1986 sp ||||1| spa d
020 ## - NÚMERO INTERNACIONAL ESTÁNDAR DEL LIBRO
Número Internacional Estándar del Libro 84-86241-19-7
080 ## - NÚMERO DE LA CLASIFICACIÓN DECIMAL UNIVERSAL
Número de la Clasificación Decimal Universal 61(46)"1936/1939"
080 ## - NÚMERO DE LA CLASIFICACIÓN DECIMAL UNIVERSAL
Número de la Clasificación Decimal Universal 614.23(46)"1936/1939"
245 04 - MENCIÓN DEL TÍTULO
Título Los Medicos y la medicina en la guerra civil española /
Mención de responsabilidad, etc. [Gerardo Gomez-Trigo Ochoa... (et al.)].
260 ## - PUBLICACIÓN, DISTRIBUCIÓN, ETC.
Lugar de publicación, distribución, etc. Madrid :
Nombre del editor, distribuidor, etc. Saned,
Fecha de publicación, distribución, etc. D.L. 1986.
300 ## - DESCRIPCIÓN FÍSICA
Extensión 350 p. ;
Dimensiones 24 cm.
490 1# - MENCIÓN DE SERIE
Mención de serie Monografía Beecham
500 ## - NOTA GENERAL
Nota general Ejemp. n. 221 de una ed. de 1000.
650 14 - PUNTO DE ACCESO ADICIONAL DE MATERIA--TÉRMINO DE MATERIA
Término de materia o nombre geográfico como elemento de entrada Medicina-
Subdivisión geográfica España-
Subdivisión cronológica 1936-1939.
9 (RLIN) 14901
651 #4 - PUNTO DE ACCESO ADICIONAL DE MATERIA--NOMBRE GEOGRÁFICO
Nombre geográfico España-
Subdivisión general Historia-
Subdivisión cronológica 1936-1939, Guerra civil-
Subdivisión general Aspectos sanitarios.
9 (RLIN) 8295
700 1# - ENTRADA AGREGADA--NOMBRE PERSONAL
Nombre de persona Gomez-Trigo Ochoa, Gerardo.
9 (RLIN) 58172
830 0# - PUNTO DE ACCESO ADICIONAL DE SERIE-TÍTULO UNIFORME
Título uniforme Monografía Beecham
9 (RLIN) 227687
852 ## - LOCALIZACIÓN
Ubicación ES-MaACL
Número de control de estantería L-13621
Sublocalización o colección R.112001
Nota libre . - piel
Holdings
Estatus retirado Estado de pérdida Estado de daño No para préstamo Biblioteca de origen Biblioteca actual Ubicación en estantería Fecha de adquisición Fuente de adquisición Total de préstamos Signatura topográfica completa Código de barras Visto por última vez Precio de reemplazo Tipo de ítem Koha
        Biblioteca del Ateneo de Madrid Biblioteca del Ateneo de Madrid Depósito 2 17/01/2008     L-13621 1006535 23/02/2023 23/02/2023 Libro impreso